000
00297nam a2200121Ia 4500
005
20251222140039.0
008
251222s1900||||xx |||||||||||||| ||spa||
082
_a
170/G23
100
_a
García López, Jesús
245
0
_a
El Valor de la Verdad y otros Estudios
264
_b
GREDOS
942
_c
LIB
999
_c
3216
_d
3216